Management á la Macintosh

Salvato in:
Dettagli Bibliografici
Autore principale: Kawasaki, Guy
Altri autori: Röhrich, Stefan
Natura: Libro
Lingua:tedesco
Pubblicazione: Frankfurt am Main Campus 1991
Edizione:1. Aufl.
Soggetti:
Tags: Aggiungi Tag
Nessun Tag, puoi essere il primo ad aggiungerne!!

MARC

LEADER 00000nam a2200000 4500
001 c011051
005 20221206114736.8
020 |a 3-593-34468-8 
041 0 |a ger 
044 |a DE 
245 1 0 |a Management á la Macintosh  |c Guy Kawasaki ; [Z angl. prel.] Stefan Röhrich 
250 |a 1. Aufl. 
264 1 |a Frankfurt am Main  |b Campus  |c 1991 
300 |a 212 s. 
610 2 0 |a manažment 
610 2 0 |a marketing 
610 2 0 |a podnikanie 
610 2 0 |a zákazníci 
610 2 0 |a konkurencia 
610 2 0 |a trh 
610 2 0 |a poradcovia 
610 2 0 |a Macintosh 
610 2 0 |a Apple 
100 1 |a Kawasaki, Guy 
700 1 |a Röhrich, Stefan